Most Valuable Fashion Brands - Statistics

General Stats
  • This quiz has been taken 224 times
  • The average score is 8 of 25
Answer Stats
Value (USD) Answer From % Correct
18.2 b Gucci Italy
85%
32.3 b Louis Vuitton France
80%
9.1 b Chanel France
76%
8.8 b Prada Italy
66%
36.8 b Nike USA
61%
16.2 b Adidas Germany
59%
13.5 b Zara Spain
52%
18.3 b Hermes France
51%
11.5 b H&M Sweden
48%
9.1 b Rolex Switzerland
48%
7.1 b Burberry UK
34%
10.7 b Cartier France
23%
5.6 b Levi's USA
23%
8.6 b Uniqlo Japan
21%
15.2 b Tiffany & Co USA
18%
6.5 b Polo Ralph Lauren USA
16%
6.1 b Tom Ford USA
14%
5.6 b The North Face USA
12%
9.6 b Lululemon Canada
11%
9.1 b Patek Philippe Switzerland
11%
9.2 b Moncler Italy
10%
5.5 b Victoria's Secret USA
9%
7.1 b Swarovski Austria
6%
17.9 b Zalando Germany
5%
7.4 b Chow Tai Fook China
1%
No matching quizzes found
Score Distribution
Percent of People with Each Score
Percentile by Number Answered
Your Score History
You have not taken this quiz